|
|
|
|
| LEADER |
00987nam a2200289 4500 |
| 001 |
DLU180186751 |
| 005 |
##20180905 |
| 040 |
# |
# |
|a DLU
|b vie
|
| 041 |
# |
# |
|a vie
|
| 044 |
# |
# |
|a vn
|
| 100 |
# |
# |
|a Nguyễn Minh Quân.
|
| 245 |
# |
# |
|a Đào tạo giáo viên tiểu học theo định hướng năng lực đáp ứng yêu cầu đổi mới giáo dục Việt Nam sau 2015 /
|c Nguyễn Minh Quân.
|
| 653 |
# |
# |
|a Đào tạo giáo viên
|
| 653 |
# |
# |
|a Đổi mới giáo dục
|
| 653 |
# |
# |
|a Giáo dục Việt Nam
|
| 653 |
# |
# |
|a Giáo viên tiểu học
|
| 773 |
# |
# |
|t Tạp chí dạy và học ngày nay
|g Số 4, 2015, tr.
|
| 773 |
# |
# |
|t Tạp chí dạy và học ngày nay
|g Số 5, 2015, tr. 12-15
|
| 920 |
# |
# |
|a Phòng Tạp chí -- Trung tâm Thông tin - Thư viện Trường Đại học Đà Lạt
|
| 994 |
# |
# |
|a DLU
|
| 900 |
# |
# |
|a True
|
| 911 |
# |
# |
|a Trần Thị Minh Hương
|
| 925 |
# |
# |
|a G
|
| 926 |
# |
# |
|a A
|
| 927 |
# |
# |
|a BB
|
| 980 |
# |
# |
|a Thư viện Trường Đại học Đà Lạt
|